000 00494cam a2200205ua 4500
001 1320
008 110702n ii |||gr||||Z||||||asm
020 _a81-7339--028-2
040 _cMAIN
082 _a330.954
100 _aHuda, Manirul.,
245 _aBharatiya arthanity.
_cBy M Huda.
250 _a3rd.
260 _aGowahati.:
_bBanalata.,993.
300 _axxi, 134 p.:
_c20 cm.
653 _aEconomics.
653 _aBharatiya arthaniti.
653 _aIndian economy.
942 _cBK
999 _c1220
_d1220